| 000 | 00817nam a2200229 a 4500 | ||
|---|---|---|---|
| 999 |
_c4381 _d4381 |
||
| 001 | 4381 | ||
| 003 | BD-JhCC | ||
| 005 | 20220313134022.0 | ||
| 008 | 171126s20002002b |||| || | 000 0 b d | ||
| 035 | _a(BD-JhCC)4381 | ||
| 040 |
_aBD-JhCC _dBD-JhCC |
||
| 041 | _aben | ||
| 082 |
_a491.44 _bVHA 2002 |
||
| 245 |
_aস্বনির্ভর উচ্চতর বিশুদ্ধ ভাষা শিক্ষা / _cসম্পাদনায় ড. হায়াৎ মামুদ, |
||
| 260 |
_aঢাকা : _bদি এ্যাটলাস পাবলিশিং হাউস-ঢাকা, _c2002, |
||
| 300 |
_aVerious pages. : _c24 cm. |
||
| 650 | _aBengali Language | ||
| 650 | _aBengali Grammer | ||
| 700 | _aমামুদ, ড. হায়াৎ | ||
| 942 |
_2ddc _cBK _02 |
||